Cambiar la escuela, cambiar el curriculum
שמור ב:
| Main Authors: | , |
|---|---|
| פורמט: | ספר |
| שפה: | ספרדית |
| יצא לאור: |
Barcelona
Martínez Roca
1986
|
| סדרה: | Educación
|
| נושאים: | |
| תגים: |
הוספת תג
אין תגיות, היה/י הראשונ/ה לתייג את הרשומה!
|
MARC
| LEADER | 00000nam a2200000 a 4500 | ||
|---|---|---|---|
| 001 | UCU6928 | ||
| 003 | CL-VaPUC | ||
| 008 | 960628e19860000SP |||||||||||||||||spa|d | ||
| 082 | 0 | 4 | |a 375 |b GAL |2 21 |
| 100 | 0 | |a Galton, Maurice |e author |9 365298 | |
| 700 | 0 | |a Moon, Bob |e author |9 365299 | |
| 245 | 1 | 0 | |a Cambiar la escuela, cambiar el curriculum |
| 300 | |a 379 p | ||
| 942 | |c BK | ||
| 945 | |d 19960628 00:00:00 |a rbrito | ||
| 260 | |a Barcelona |b Martínez Roca |c 1986 | ||
| 650 | 0 | |a Currículo |9 307290 | |
| 650 | 7 | |a ESCUELA |2 CL-VaPUC |9 347989 | |
| 650 | 0 | |a Profesores |9 308968 | |
| 650 | 0 | |a Evaluación de la educación |9 237505 | |
| 650 | 0 | |a Educación |9 258661 | |
| 650 | 7 | |a DESARROLLO DE LOS CURRICULOS |2 CL-VaPUC |9 338829 | |
| 583 | |a last modification |c 19960628 00:00:00 |k Rodrigo Vera | ||
| 490 | 0 | |a Educación | |
| 999 | |c 249659 |d 249657 | ||
| 952 | |0 0 |1 0 |4 0 |6 375_000000000000000_GAL_1986 |7 0 |8 A |9 267070 |a BIBEDU |b BIBEDU |d 2019-11-19 |i 3208435 |o 375 GAL 1986 |p 3208435 |r 2019-11-19 |w 2019-11-19 |y BK |k EDU | ||